Statistics for The Barn Quiz

Click here to take the quiz!

General Stats

  • This quiz has been taken 6 times
  • The average score is 19 of 25

Answer Stats

QuestionAnswer% Correct
Where was the Burns Park Spot?Behind the barn
100%
What was the name of the Cain's dog before Scout?Colby
100%
Who did Eilert try to fight?Theo McGovern
100%
When does Charlie grip his sea critters blanket tightly out of fear and anger?When it's thunderstorming
100%
What is Peter's SAT score?1520
80%
What was Eilert's nickname?Blue
80%
When Nick was banned, who was riding his bike?Brayden
80%
Where in the Boston area did the Cains live?Brookline
80%
What middle school did Stanley attend?Clague
80%
What color was the barn originally?Green
80%
What will Peter get mad at you if you eat?Ice cream sandwiches
80%
Who infamously brought a horde of Dexter and Skyline girls to the barn?JJ
80%
Which of these people don't work at Dibellas?Liam
80%
What's the wifi password?Lucille1
80%
Who was Peter's Overwatch main?Lucio
80%
Which of these is not one of Owen's nicknames?Oman
80%
Who was Peter's first girlfriend?Sadie
80%
What food does Scout get into?Butter
60%
Who did Charlie have over on Halloween sophomore year?Kamille
60%
When did Stanley get banned?March 2020
60%
What is Peter's favorite workout song?Mask Off
60%
Who came up with Peter's nickname?Mayko
60%
What was the first book read by Barn Book Club?The Hobbit
60%
In eighth grade, what day of the week would people come over to play Super Smash Bros?Wednesday
60%
Who is in charge of inviting people to the barn?Sam Cleland
40%

Score Distribution

Percentile by Number Answered

Percent of People with Each Score

Your Score History

You have not taken this quiz